Design and analysis of experiments
Tallennettuna:
| Päätekijä: | |
|---|---|
| Aineistotyyppi: | Kirja |
| Kieli: | englanti |
| Julkaistu: |
Danvers
John Wiley
2005
|
| Painos: | 6a. ed |
| Aiheet: | |
| Tagit: |
Lisää tagi
Ei tageja, Lisää ensimmäinen tagi!
|
MARC
| LEADER | 00000nam a2200000 a 4500 | ||
|---|---|---|---|
| 001 | UCK2922 | ||
| 003 | CL-VaPUC | ||
| 008 | 050401e20050000US |||||||||||||||||eng|d | ||
| 020 | |a 047148735X | ||
| 082 | 0 | 4 | |a 519.5 |b MON |2 21 |
| 100 | |a Montgomery, Douglas C. |e author |9 602209 | ||
| 245 | 1 | 0 | |a Design and analysis of experiments |
| 250 | |a 6a. ed | ||
| 300 | |a 643 p | ||
| 942 | |c BK | ||
| 945 | |d 20050401 00:00:00 |a cmena | ||
| 260 | |a Danvers |b John Wiley |c 2005 | ||
| 650 | 0 | |a Diseño de experimentos |9 260691 | |
| 650 | 0 | |a Investigación científica |9 259857 | |
| 650 | 0 | |a Análisis de varianza |9 336938 | |
| 650 | 0 | |a Modelos de regresión |9 424920 | |
| 650 | 0 | |a Estadística matemática |9 260028 | |
| 583 | |a last modification |c 20050401 00:00:00 |k Rodrigo Vera | ||
| 999 | |c 312313 |d 312311 | ||
| 952 | |0 0 |1 0 |4 0 |6 519_500000000000000_MON_2005 |7 0 |8 A |9 382382 |a BIBING |b BIBING |d 2019-11-21 |i 4105583 |l 1 |o 519.5 MON 2005 |p 4105583 |r 2025-01-20 |s 2022-04-22 |w 2019-11-21 |y BK |k EIQ | ||
| 952 | |0 0 |1 0 |4 0 |6 519_500000000000000_MON_2005 |7 0 |8 A |9 382383 |a BIBING |b BIBING |d 2019-11-21 |i 4105591 |o 519.5 MON 2005 |p 4105591 |r 2025-01-20 |w 2019-11-21 |y BK |k EIQ | ||